000 00745nam a22002537a 4500
001 00260
003 DO-SdBNP
005 20180117132409.0
008 151124b 1996 ag xxu||||| |||| 00| 0 spa d
020 _a9507372970
040 _aBPMSU
_bspa
_cBPMSU
092 _aXXXXX
_bXXXXX
100 1 _aMelantoni, Enrique
245 1 0 _aLas burradas del molinero :
_bcuento popular /
_cversión de Enrique Melantoni ; dibujos de Shula Goldman.
260 _aBuenos Aires :
_b Libros del Quirquincho,
_c1996.
300 _3[15] p.
_6il. ;
_820 cm.
490 1 _aPlan de lectura
700 1 2 _aGoldman, Shula
830 0 _aPlan de lectura
910 _a00260
942 _2ddc
_cBK
945 _ainventariado, 2018
956 _aLorenza Pérez
_b10
999 _c8897
_d8897